000 01323nam a22004097i 4500
001 02020465
003 DO-SdBPM
005 20251118093744.0
007 ta
008 050428s2005 sp a | |||| 000 0 spa
017 _a
_b
020 _a8434891093
020 _a
035 _a
040 _aDO-SdBPM
_bspa
_cBPMSU
_e rda
_d
041 1 _aspa
_h
080 _a
082 4 _a741.5
_bP639c 2005
_222
100 1 _aPilkey, Dav
_d1966-
_eautor
240 1 0 _aCaptain Underpants and the big, bad Battle of the Bionic Booger Boy
_lespañol
245 1 3 _aEl Capitán Calzoncillos y la furia de la supermujer macroelástica /
_cDav Pilkey ; traducción de Miguel Azaola
_h
250 _a6a. ed.
264 _aMadrid :
_bEdiciones SM,
_c2005
300 _a176 páginas :
_bilustraciones ;
_c19 cm
336 _atexto
_btxt
_2rdacontent
337 _asin mediación
_bn
_2rdamedia
338 _avolumen
_bnc
_2rdacarrier
490 0 _v
490 0 _aEl barco de vapor ;
_a El Capitán Calzoncillos,
_v 6
590 _aInventariado, 2025/VM
650 7 _aCaricaturas.
650 7 _aTiras cómicas, historietas, etc.
_zEstados Unidos
650 7 _aHumorismo gráfico estadounidense
700 1 _aAzola, Miguel
_etraductor
910 _aVMateo V. Control de calidad. BPMSU
942 _2ddc
_cBK
999 _c9862
_d9862